000
00326cam a2200145ua 4500
001
4798
008
120328n II |||gr||||Z||||||asm
040
_a
MAIN
041
_a
English
082
_a
920 DAS
100
_a
DAS , AMIYA KUMAR.
245
_a
GANDHIRJIR JIBONI
653
_a
Biography, genealogy & insignia
942
_c
BK
999
_c
4785
_d
4785